| 000 | 00543nam a22001937a 4500 | ||
|---|---|---|---|
| 003 | MPLRDC | ||
| 005 | 20220104202849.0 | ||
| 008 | 210129b ||||| |||| 00| 0 eng d | ||
| 020 | _a978-986-94104-7-2 | ||
| 082 | _a752.78 CAM | ||
| 100 | _a詹姆士·坎贝尔 JAMES CAMPBELL | ||
| 245 |
_a旅行,教孩子学会勇敢 _c娄美莲 译 |
||
| 250 | _a初版一刷 | ||
| 260 |
_a台湾 _b马可孛罗文化 _c2017 |
||
| 300 | _b平 | ||
| 520 | _a新书上架 2018-03-16。 | ||
| 650 | _a阿拉斯加地方志 | ||
| 942 |
_cBK _o752.78 CAM |
||
| 999 |
_c67848 _d67838 |
||